|
|
|
|
| LEADER |
00000cam a22000004a 4500 |
| 001 |
musev2_89756 |
| 003 |
MdBmJHUP |
| 005 |
20230905052958.0 |
| 006 |
m o d |
| 007 |
cr||||||||nn|n |
| 008 |
110620s2010 nyu o 00 0 eng d |
| 020 |
|
|
|a 9781580467681
|
| 020 |
|
|
|z 9781580463454
|
| 035 |
|
|
|a (OCoLC)731694224
|
| 040 |
|
|
|a MdBmJHUP
|c MdBmJHUP
|
| 041 |
1 |
|
|a eng
|h ger
|
| 100 |
1 |
|
|a Newman, Nancy,
|d 1960-
|
| 245 |
1 |
0 |
|a Good Music for a Free People :
|b The Germania Musical Society in Nineteenth-Century America /
|c Nancy Newman.
|
| 264 |
|
1 |
|a Rochester, NY :
|b University of Rochester Press,
|c 2010.
|
| 264 |
|
3 |
|a Baltimore, Md. :
|b Project MUSE,
|c 2023
|
| 264 |
|
4 |
|c ©2010.
|
| 300 |
|
|
|a 1 online resource (332 pages):
|b illustrations
|
| 336 |
|
|
|a text
|b txt
|2 rdacontent
|
| 337 |
|
|
|a computer
|b c
|2 rdamedia
|
| 338 |
|
|
|a online resource
|b cr
|2 rdacarrier
|
| 490 |
0 |
|
|a Eastman studies in music,
|x 1071-9989 ;
|v [v. 81]
|
| 588 |
|
|
|a Description based on print version record.
|
| 610 |
2 |
7 |
|a Germania Musical Society.
|2 fast
|0 (OCoLC)fst00714257
|
| 610 |
2 |
0 |
|a Germania Musical Society.
|
| 650 |
|
7 |
|a Symphony orchestras.
|2 fast
|0 (OCoLC)fst01140968
|
| 650 |
|
7 |
|a Forty-Eighters (American immigrants)
|2 fast
|0 (OCoLC)fst00933104
|
| 650 |
|
7 |
|a MUSIC
|x General.
|2 bisacsh
|
| 650 |
|
7 |
|a MUSIC
|x Genres & Styles
|x Classical.
|2 bisacsh
|
| 650 |
|
6 |
|a Orchestres symphoniques
|z États-Unis
|x Histoire
|y 19e siecle.
|
| 650 |
|
0 |
|a Forty-Eighters (American immigrants)
|
| 650 |
|
0 |
|a Symphony orchestras
|z United States
|x History
|y 19th century.
|
| 651 |
|
7 |
|a United States.
|2 fast
|0 (OCoLC)fst01204155
|
| 655 |
|
7 |
|a History.
|2 fast
|0 (OCoLC)fst01411628
|
| 655 |
|
7 |
|a Electronic books.
|2 local
|
| 700 |
1 |
2 |
|a Albrecht, H. F.
|t Skizzen aus dem Leben der Musik-Gesellschaft Germania.
|l English.
|
| 710 |
2 |
|
|a Project Muse.
|e distributor
|
| 830 |
|
0 |
|a Book collections on Project MUSE.
|
| 856 |
4 |
0 |
|z Texto completo
|u https://projectmuse.uam.elogim.com/book/89756/
|
| 945 |
|
|
|a Project MUSE - Custom Collection
|
| 945 |
|
|
|a Project MUSE - 2023 Annual Backfile - Unpurchased
|